000 00659 a2200229 4500
005 20260415073345.0
008 260414b |||||||| |||| 00| 0 eng d
020 _a9780192756992
040 _aLC
_cUNZA
_eRDA
050 _aAG 5
_bOXF 2012.
245 _aOxford English Dictionary For Schools
260 _bOxford University Press :
_c2012.
_aNew York,
300 _ax, 917 pages :
336 _aText
337 _aUnmediated
338 _aVolume
650 _aEnglish language
_xDictionaries, Juvenile
700 _aAllen, Robert
_eChief editor
700 _aRennie, Susan
_eeditor
700 _aMannion, John
_eLiteracy consultant
942 _cBOOK
999 _c216584
_d216584